[Event "IND-ch U19 44th"]
[Site "Mumbai"]
[Date "2014.07.10"]
[Round "1"]
[White "Saurabh, Lokhande"]
[Black "Visakh, Narayanan Rajeswari"]
[Result "0-1"]
[WhiteElo "1746"]
[BlackElo "2332"]
[PlyCount "74"]
[EventDate "2014.07.10"]
[EventType "swiss"]
[EventRounds "11"]
[EventCountry "IND"]
[SourceTitle "EXT 2016"]
[Source "ChessBase"]
[SourceDate "2015.10.08"]
[SourceVersion "1"]
[SourceVersionDate "2015.10.08"]
[SourceQuality "1"]

1. d4 Nf6 2. c4 e6 3. Nf3 d5 4. Nc3 Be7 5. Bf4 0-0 6. e3 Nbd7 7. Bd3 c5 8. 0-0 cxd4 9. exd4 dxc4 10. Bxc4 Nb6 11. Bb3 Nbd5 12. Bg3 b6 13. Qe2 Bb7 14. Rac1 Rc8 15. Rfd1 Nxc3 16. bxc3 Ba3 17. Rc2 Be4 18. Rcd2 Rxc3 19. Ng5 Bd5 20. Be5 Bc1 21. Bc2 Rxc2 22. Rxc2 Bxg5 23. f4 Bh6 24. g4 Ne4 25. Rd3 f6 26. Bc7 Qd7 27. Ra3 Bc6 28. d5 Qxd5 29. h4 Nc5 30. Rxa7 Qd4+ 31. Kf1 Bb5 32. Qxb5 Qd1+ 33. Kg2 Qxc2+ 34. Kg1 Qd1+ 35. Kf2 Qxg4 36. Qxb6 Nd3+ 37. Ke3 Nxf4 0-1